| 000 | 00692cab a2200193 4500 | ||
|---|---|---|---|
| 001 | ABS40790 | ||
| 008 | 090401t1989 xxu||||| |||| 00| 0 eng d | ||
| 035 | _a(Sirsi) u26025 | ||
| 041 | _aeng | ||
| 100 | _aRowland, P. | ||
| 245 | _aDoing business in Europe: Italy | ||
| 260 | _c1989 | ||
| 350 | _a0 | ||
| 490 |
_aAccountancy _v103(1149) May 1989, 124-128(3) |
||
| 520 | _aBriefly discusses what you need to know if you are planning to set up business in Italy . Gives guidance on partnership administration and company administration, looking at corporation tax , social security contributions and income tax . | ||
| 690 | _aEUROPE-SINGLE MARKET | ||
| 942 | _n0 | ||
| 948 | _c04/03/1997 | ||
| 999 |
_c17466 _d17466 |
||